000 00666nac a22001571u 4500
008 100906t xxu||||| |||| 00| 0 eng d
020 _a0070583528
082 0 0 _a005.14
_bR1615
100 _aRaJani, Renu
_918408
245 1 0 _aSoftware testing :
_cRenu Rajani.
_bEffective methods, Tools and techniques
260 _aNew Delhi :
_bMcGraw Hill
_cc2004.
300 _a311 p. :
_bill. ;
_c24 cm.
650 0 _aComputer software
_xTesting.
_918409
942 _cBB
_k005.14R1615
_2ddc
999 _c733
_d733